000
00300nam a2200133Ia 4500
100
_a
Moltershead/Allen
942
_c
BK
654
_a
Electronic device
245
_a
Electronic devices & circuits
260
_b
Prentice Hall
_a
New Delhi
_c
1989
300
_a
640
546
_a
ENGLISH
999
_c
32755
_d
32755